guess the Enema of the State song (Blink-182) - Statistics

General Stats
  • This quiz has been taken 28 times
  • The average score is 10 of 12
Answer Stats
Hint Answer % Correct
Give all my things to all my friends You'll never step foot in my room again Adams song
95%
Always, I know, you'll be at my show, watching, waiting, commiserating All the small things
95%
This world's an ugly place, but you're so beautiful to me Going away to college
95%
Up all night long And there's something very wrong Aliens Exist
90%
I said I'd leave, I could never leave her, if I did, you know I'd never cheat her Dumpweed
90%
This state looks down on sodomy What's my age again
90%
Just like last time, but a little worse Don't leave me
80%
Often they've typically Been starved for attention before Mutt
80%
I'll pack my bags I swear I'll run Wish my friends were 21 Anthem
75%
My friends picked me up in their truck at 11:30 Party song
70%
Is it something I'll regret
Why do I want what I can't get?
I wish it didn't have to be so bad
Wendy clear
70%
Cause I love your little motions, you do with your pigtails Dysentery gary
60%
No matching quizzes found
Score Distribution
Percent of People with Each Score
Percentile by Number Answered
Your Score History
You have not taken this quiz